000 00831nam a2200289Ia 4500
005 20251020182457.0
008 200515s9999 xx 000 0 und d
020 _a84-7146-022-X
082 _a624.131/G79
100 _aGraux, Daniel
245 0 _aFundamentos de mecánica del suelo, proyecto de muros y cimentaciones : Geotecnia Aplicada
250 _a2a ed.
260 _aBarcelona
260 _bEditores Técnicos Asociados
260 _c1975
300 _a414 p.
300 _btbl., graf.
500 _a1 ejemplar
520 _aProporciona al ingeniero civil métodos que sirven para concebir y calcular las cimentaciones y los muros profundos.
650 _aCIMENTACIONES
650 _aESTUDIO DE SUELOS
650 _aGEOTECNIA
650 _aMUROS
650 _aSUELOS
942 _cLIB
999 _c1042
_d1042